00635cam a2200229 i 45000010009000000050017000090080041000260100017000670200028000840200015001120200024001270200021001510400028001720410008002000420008002080800019002160820023002351000007002581010008002652450060002735040072003331783250620180312105005.0130731s2014 maua b 001 0 eng  a 2013431417 a9780321880345 (Student) a032188034X a9780321880413 (AIE) a0321880412 (AIE) aDLCbengcDLCerdadDLC aeng apcc a428.40711 HER00a428.40711 HER2231 a25 aEDU14aThe Master Reader :cD.J. Henry, Daytona State College. aIncludes bibliographical references (pages 713-717, 719) and index.